000 01147cam a22001935a 4500
001 L155673
008 120402s1799 xxk f 000 0 eng d
035 _a(Sirsi) u155673
041 0 _aeng
100 1 _aMudge, William
_d1762-1820
245 0 3 _aAn account of the operations carried on for accomplishing a trigonometrical survey of England and Wales
_bfrom the commencement, in the year 1784, to the end of the year 1796. Begun under the direction of the Royal Society, and continued by order of the honourable Board of Ordnance. First published in, and now revised from, the Philosophical Transactions, by Captain William Mudge, F.R.S. and Mr. Isaac Dalby. ...
260 _aLondon
_bprinted by W. Bulmer and Co. for W. Faden
_c1799-1811
300 _a4v., plates
_bmaps
_c4o
520 _aVol.2 was published in two parts in 1801 and 1804 and is entirely the work of William Mudge, taking the account to 1799. Vol.3 is dated 1811 and is by Mudge and Thomas Colby, taking the account to 1809.
583 _aCondition reviewed
_c20120620
_lcondition level 1 (x4)
651 4 _aGreat Britain
_y1707-
690 _aMeasurement
_96256
942 _n0
999 _c113743
_d113743